| 000 | 01295cam a22002897a 4500 | ||
|---|---|---|---|
| 999 |
_c15822 _d15822 |
||
| 003 | EG-ScBUE | ||
| 005 | 20201124141956.0 | ||
| 008 | 110814s2005 ua f b 000 0 ara d | ||
| 040 |
_aEG-ScBUE _bara _erda _cEG-ScBUE _dEG-ScBUE |
||
| 041 | 1 |
_aara _hfre |
|
| 043 | _aa-ir--- | ||
| 082 | 0 | 4 |
_a110 _bإ ق ب _222 |
| 245 | 1 | 0 |
_aما وراء الطبيعة فى إيران / _cلشاعر باكستان الأكبر محمد إقبال ؛ قدم له ونقله عن الفرنسية دكتور حسين مجيب المصري. |
| 264 | 1 |
_aالقاهرة : _bمكتبة الأنجلو المصرية : _bالمجلس الأعلى للثقافة، _c2005. |
|
| 300 |
_a224 صفحة ؛ _c24 سم. |
||
| 336 |
_2rdacontent _aنص _btxt |
||
| 337 |
_2rdamedia _aبدون وسيط _bn |
||
| 338 |
_2rdacarrier _aمجلد _bnc |
||
| 490 | 0 |
_aالمشروع القومي للترجمة. _aسلسلة ميراث الترجمة ؛ _v966 |
|
| 505 | _aيشتمل على إرجاعات ببليوجرافية. | ||
| 546 | _aالنص باللغة العربية وقد تم ترجمته من اللغة الفرنسية. | ||
| 590 | _aBilal | ||
| 653 |
_bHHUUEENN _cJuly2019 |
||
| 655 |
_vReading book _934232 |
||
| 700 | 1 |
_aالمصري، حسين مجيب، _d1916- _eمترجم _926684 |
|
| 942 |
_2ddc _cBB |
||